000 00538nam a2200157Ia 4500
008 160316s1996 xxu||||| |||| 00| 0 eng d
082 _a344.046000
_bFON
100 _aFontaubert A. Charlotte de
245 _aBiodiversity in the seas implementing the convention on biological diversity in marine and coastal habitats
250 _a
260 _a
_bCenter for International Environmental Law
_c1996
300 _a13
_b
_c
365 _b
650 _a1. Biodiversity - coastal habitats - fish
700 _aDownes David R.
_aAgardy Tundi S.
999 _c37405
_d37405